000 00235nam a22001097a 4500
082 _a808.3 CHA'S
100 _aCHARTERIS, LESLIE
_979275
245 _aTHE SAINT IN MIAMI
260 _aLONDON
_bPAN
_c1956
300 _a217P
942 _cBK
999 _c584951
_d584951